[Event "Three Checks: XXXIV Monthly Variant (Three Checks)"]
[Site "SchemingMind.com"]
[Date "2010.01.14"]
[Round "-"]
[White "thefriediceman"]
[Black "Fisher"]
[Result "1-0"]
[WhiteCountry "USA"]
[BlackCountry "SVK"]
[WhiteElo "1924"]
[WhiteRD "103"]
[BlackElo "1120"]
[BlackRD "184"]
[GameID "235013"]

1. e3 Nc6 2. Bb5 e6 3. Nc3 Bb4 4. a3 Ba5 5. b4 Bb6 6. Ne4 Kf8 7. Bb2 e5 8. Bxc6 Qh4 9. Qf3 dxc6 10. Bxe5 f6
11. Nc5 Qc4 12. Ne6+ Bxe6 13. Qxf6+ Nxf6 14. Bd6+
1-0

[Event "Three Checks: XXXIV Monthly Variant (Three Checks)"]
[Site "SchemingMind.com"]
[Date "2010.01.15"]
[Round "-"]
[White "TheTrainer"]
[Black "Fisher"]
[Result "0-1"]
[WhiteCountry "USA"]
[BlackCountry "SVK"]
[WhiteElo "1125"]
[WhiteRD "83"]
[BlackElo "1215"]
[BlackRD "129"]
[GameID "235014"]

1. Nf3 Nc6 2. Ng5 Nb4 3. c3 Nd3+ 4. exd3 e6 5. Qf3 Qxg5 6. Be2 Nf6 7. h4 Qa5 8. d4 b6 9. O-O Bd6 10. Qxa8 Bh2+
11. Kh1 O-O 12. b4 Qf5 13. Qf3 Ng4
0-1

[Event "Three Checks: XXXIV Monthly Variant (Three Checks)"]
[Site "SchemingMind.com"]
[Date "2010.01.14"]
[Round "-"]
[White "BigB"]
[Black "Fisher"]
[Result "1-0"]
[WhiteCountry "SVK"]
[BlackCountry "SVK"]
[WhiteElo "1628"]
[WhiteRD "133"]
[BlackElo "1120"]
[BlackRD "184"]
[GameID "235015"]

1. Nc3 Nc6 2. e4 Nd4 3. Bc4 e6 4. Nb5 Nxb5 5. Bxb5 c6 6. Bc4 Qh4 7. Qe2 Bc5 8. g3 Bxf2+ 9. Kd1 Bxg3 10. Nf3 Qh5
11. Rg1 Be5 12. Rg5 Qh3 13. Nxe5 Nf6 14. Rg3 Qf1+ 15. Qxf1 Nxe4 16. Qxf7+ Kd8 17. Nxc6+ bxc6 18. Qxd7+
1-0

[Event "Three Checks: XXXIV Monthly Variant (Three Checks)"]
[Site "SchemingMind.com"]
[Date "2010.01.14"]
[Round "-"]
[White "surkimus"]
[Black "Fisher"]
[Result "1-0"]
[WhiteCountry "FIN"]
[BlackCountry "SVK"]
[WhiteElo "1683"]
[WhiteRD "77"]
[BlackElo "1187"]
[BlackRD "140"]
[GameID "235016"]

1. Nc3 Nc6 2. e3 e6 3. d4 Nb4 4. a3 Nd3+ 5. Bxd3 Qg5 6. Qf3 Nf6 7. Nh3 Qa5 8. O-O Bd6 9. g3 h5 10. e4 Ng4
11. e5 Bxe5 12. Qxf7+ Kxf7 13. Bg6+ Kf8 14. Ng5 Nxh2 15. Nh7+
1-0

[Event "Three Checks: XXXIV Monthly Variant (Three Checks)"]
[Site "SchemingMind.com"]
[Date "2010.01.19"]
[Round "-"]
[White "Rick Groszkiewicz"]
[Black "Ursus"]
[Result "1-0"]
[WhiteCountry "USA"]
[BlackCountry "INT"]
[WhiteElo "1721"]
[WhiteRD "129"]
[BlackElo "1569"]
[BlackRD "104"]
[GameID "235052"]

1. e4 e6 2. Nc3 Bc5 3. d4 Bb4 4. Bd2 Nc6 5. Nf3 a6 6. Bd3 Nf6 7. O-O Bxc3 8. bxc3 Qe7 9. e5 Nh5 10. Ng5 g6
11. Ne4 d5 12. Bg5 f6 13. Nxf6+ Kd8 14. Nxh7 Rxh7 15. Qg4 Kd7 16. Bxe7 Rxe7 17. Bxg6 Ng7 18. Qxe6+ Nxe6 19. Be8+
1-0

[Event "Three Checks: XXXIV Monthly Variant (Three Checks)"]
[Site "SchemingMind.com"]
[Date "2010.01.19"]
[Round "-"]
[White "Rick Groszkiewicz"]
[Black "Mekk"]
[Result "1-0"]
[WhiteCountry "USA"]
[BlackCountry "POL"]
[WhiteElo "1721"]
[WhiteRD "129"]
[BlackElo "1408"]
[BlackRD "113"]
[GameID "235053"]

1. e4 e6 2. Nc3 a6 3. Nf3 Nc6 4. Be2 Bc5 5. d4 Bb4 6. Bd2 Bxc3 7. bxc3 b5 8. O-O Nf6 9. Bd3 Bb7 10. a4 O-O
11. e5 Ng4 12. h3 Nh6 13. Bg5 Qe8 14. Bxh6 gxh6 15. Bxh7+ Kh8 16. Nh4 Rg8 17. Bxg8 Qxg8 18. Qh5 Kh7 19. Qxh6+ Kxh6 20. Nf5+
1-0

[Event "Three Checks: XXXIV Monthly Variant (Three Checks)"]
[Site "SchemingMind.com"]
[Date "2010.01.19"]
[Round "-"]
[White "Rick Groszkiewicz"]
[Black "thefriediceman"]
[Result "1-0"]
[WhiteCountry "USA"]
[BlackCountry "USA"]
[WhiteElo "1721"]
[WhiteRD "129"]
[BlackElo "1809"]
[BlackRD "100"]
[GameID "235054"]

1. e4 e6 2. Nc3 Bc5 3. d4 Bb4 4. Bd2 Nc6 5. Nf3 Nf6 6. Bd3 Ba5 7. O-O Bb6 8. d5 Bxf2+ 9. Rxf2 exd5 10. exd5 Ne7
11. Ne5 Rf8 12. Rxf6 gxf6 13. Nxf7 Rxf7 14. Qh5 c6 15. Kh1 Qb6 16. Re1 Qc5 17. Qxf7+
1-0

[Event "Three Checks: XXXIV Monthly Variant (Three Checks)"]
[Site "SchemingMind.com"]
[Date "2010.01.19"]
[Round "-"]
[White "Rick Groszkiewicz"]
[Black "BigB"]
[Result "0-1"]
[WhiteCountry "USA"]
[BlackCountry "SVK"]
[WhiteElo "1721"]
[WhiteRD "129"]
[BlackElo "1761"]
[BlackRD "123"]
[GameID "235056"]

1. e4 e6 2. Nc3 Nc6 3. Nf3 Bc5 4. d4 Bb4 5. Bd2 Nf6 6. e5 Nd5 7. Bb5 a6 8. Bxc6 dxc6 9. O-O Nxc3 10. bxc3 Be7
11. h3 b5 12. Nh2 Qd5 13. Qg4 Bd7 14. a4 h5 15. Qf3 Qxf3 16. Nxf3 c5 17. axb5 Bxb5 18. Rfb1 O-O 19. Ra5 cxd4 20. cxd4 c5
21. c4 Bxc4 22. dxc5 Rac8 23. Rc1 Bb5 24. Be3 Rfd8 25. Ng5 Rd5 26. Nf3 Bd8 27. Ra2 Bc7 28. Nd4 Bxe5 29. Nxb5 axb5 30. Ra5 b4
31. Rb5 Rcd8
0-1

[Event "Three Checks: XXXIV Monthly Variant (Three Checks)"]
[Site "SchemingMind.com"]
[Date "2010.01.23"]
[Round "-"]
[White "Rick Groszkiewicz"]
[Black "surkimus"]
[Result "1-0"]
[WhiteCountry "USA"]
[BlackCountry "FIN"]
[WhiteElo "1813"]
[WhiteRD "107"]
[BlackElo "1642"]
[BlackRD "76"]
[GameID "235057"]

1. e4 c6 2. Nc3 e6 3. Nf3 Bb4 4. Bc4 b5 5. Bb3 Nh6 6. O-O a5 7. a3 Be7 8. e5 Nf5 9. Ne4 O-O 10. d4 Bb7
11. g4 Nh4 12. Nxh4 Bxh4 13. Kh1 c5 14. f3 c4 15. Ba2 f5 16. exf6 gxf6 17. Nd6 Bc6 18. Bh6 Qe7 19. Bxf8 Qxf8 20. Ne4 f5
21. gxf5 Kh8 22. d5 Qxf5 23. Qd4+ e5 24. Qxe5+ Qxe5 25. Rg1
1-0

[Event "Three Checks: XXXIV Monthly Variant (Three Checks)"]
[Site "SchemingMind.com"]
[Date "2010.01.19"]
[Round "-"]
[White "Rick Groszkiewicz"]
[Black "Fisher"]
[Result "1-0"]
[WhiteCountry "USA"]
[BlackCountry "SVK"]
[WhiteElo "1620"]
[WhiteRD "173"]
[BlackElo "1187"]
[BlackRD "140"]
[GameID "235058"]

1. e4 Nc6 2. Bc4 e6 3. c3 Qh4 4. Qe2 Ne5 5. g3 Qf6 6. d4 Nd3+ 7. Bxd3 Bb4 8. Bd2 Ne7 9. e5 Qxf2+ 10. Qxf2 Ba5
11. Ne2 Rf8 12. Na3 Nc6 13. Nc4 f5 14. O-O-O h6 15. g4 Ke7 16. Qh4+
1-0

[Event "Three Checks: XXXIV Monthly Variant (Three Checks)"]
[Site "SchemingMind.com"]
[Date "2010.01.15"]
[Round "-"]
[White "Ingemar Assarsjö"]
[Black "Rick Groszkiewicz"]
[Result "1-0"]
[WhiteCountry "SWE"]
[BlackCountry "USA"]
[WhiteElo "1365"]
[WhiteRD "123"]
[BlackElo "1716"]
[BlackRD "196"]
[GameID "235059"]

1. Nc3 c6 2. Ne4 e6 3. e3 d5 4. Nd6+ Bxd6 5. c3 b6 6. Nf3 h6 7. Nd4 Ne7 8. b4 O-O 9. Bd3 Kh8 10. Qh5 e5
11. Nf3 e4 12. Ng5 Kg8 13. Nxe4 dxe4 14. Bxe4 Ng6 15. Bb2 Qg5 16. Qxg5 hxg5 17. h4 gxh4 18. Bxg6 fxg6 19. Rxh4 g5 20. Rh8+ Kxh8
21. O-O-O Kg8 22. Rh1
1-0

[Event "Three Checks: XXXIV Monthly Variant (Three Checks)"]
[Site "SchemingMind.com"]
[Date "2010.01.15"]
[Round "-"]
[White "Ursus"]
[Black "Rick Groszkiewicz"]
[Result "1-0"]
[WhiteCountry "INT"]
[BlackCountry "USA"]
[WhiteElo "1584"]
[WhiteRD "127"]
[BlackElo "1620"]
[BlackRD "173"]
[GameID "235060"]

1. e3 e6 2. Nc3 Nc6 3. Bb5 Nf6 4. Nf3 a6 5. Bxc6 bxc6 6. d3 c5 7. e4 Bb7 8. Ne5 d6 9. Nc4 Be7 10. Nxd6+ cxd6
11. Bg5 h6 12. Bxf6 Bxf6 13. Ne2 Qa5+ 14. Kf1 d5 15. c3 O-O 16. Ng3 dxe4 17. Nh5 Kh8 18. Nxf6 gxf6 19. Qh5 Kh7 20. g4 Qb5
21. Qxh6+ Kxh6 22. g5+
1-0

[Event "Three Checks: XXXIV Monthly Variant (Three Checks)"]
[Site "SchemingMind.com"]
[Date "2010.01.19"]
[Round "-"]
[White "Mekk"]
[Black "Rick Groszkiewicz"]
[Result "1-0"]
[WhiteCountry "POL"]
[BlackCountry "USA"]
[WhiteElo "1408"]
[WhiteRD "113"]
[BlackElo "1721"]
[BlackRD "129"]
[GameID "235061"]

1. e3 e6 2. Nc3 Nf6 3. Nb5 Nc6 4. Nxc7+ Qxc7 5. Bb5 Be7 6. Nf3 a6 7. Bxc6 bxc6 8. b3 a5 9. Bb2 Ba6 10. c4 Rb8
11. Bc3 d5 12. Ng5 O-O 13. Bxf6 Bxf6 14. Nxh7 Qe5 15. Nxf6+ Qxf6 16. O-O Qg6 17. Qf3 f5 18. Qh3 Qh6 19. Qg3
1-0

[Event "Three Checks: XXXIV Monthly Variant (Three Checks)"]
[Site "SchemingMind.com"]
[Date "2010.01.15"]
[Round "-"]
[White "thefriediceman"]
[Black "Rick Groszkiewicz"]
[Result "0-1"]
[WhiteCountry "USA"]
[BlackCountry "USA"]
[WhiteElo "1809"]
[WhiteRD "100"]
[BlackElo "1721"]
[BlackRD "129"]
[GameID "235062"]

1. e3 e6 2. Nc3 Nc6 3. Bb5 Qg5 4. Bxc6 bxc6 5. Qf3 Rb8 6. Ne4 Qg6 7. Nh3 d5 8. Nd6+ Bxd6 9. c3 Nf6 10. Nf4 Bxf4
11. Qxf4 Qxg2 12. Rf1 Ba6 13. c4 Bxc4 14. Qxc4 dxc4 15. b3 Ng4 16. Bb2 Nxh2 17. O-O-O Nxf1 18. Be5 cxb3 19. axb3 Qd5 20. Rxf1 Qxb3
0-1

[Event "Three Checks: XXXIV Monthly Variant (Three Checks)"]
[Site "SchemingMind.com"]
[Date "2010.01.15"]
[Round "-"]
[White "TheTrainer"]
[Black "Rick Groszkiewicz"]
[Result "0-1"]
[WhiteCountry "USA"]
[BlackCountry "USA"]
[WhiteElo "1193"]
[WhiteRD "87"]
[BlackElo "1620"]
[BlackRD "173"]
[GameID "235063"]

1. e3 e6 2. Nc3 Nc6 3. Nb5 Nf6 4. Nxc7+ Qxc7 5. b3 Qe5 6. Qe2 Qxa1 7. Qd1 Qxa2 8. Bc4 Nb4 9. Ke2 a6 10. Nf3 Nxc2
11. Kf1 b5 12. Bd3 Nb4 13. g3 Nxd3 14. h4 Qb1 15. h5 Bb7 16. Kg1 Nxc1 17. Kg2 Qe4 18. Kg1 Qxf3 19. Qxf3 Bxf3 20. Kh2 Ng4+
21. Kg1 Ne2+ 22. Kf1 Bg2+
0-1

[Event "Three Checks: XXXIV Monthly Variant (Three Checks)"]
[Site "SchemingMind.com"]
[Date "2010.01.15"]
[Round "-"]
[White "BigB"]
[Black "Rick Groszkiewicz"]
[Result "0-1"]
[WhiteCountry "SVK"]
[BlackCountry "USA"]
[WhiteElo "1628"]
[WhiteRD "133"]
[BlackElo "1716"]
[BlackRD "196"]
[GameID "235064"]

1. Nc3 c6 2. Ne4 e6 3. e3 d5 4. Nf6+ Qxf6 5. c3 Ne7 6. Nf3 Nd7 7. d4 e5 8. dxe5 Nxe5 9. Nxe5 Qxe5 10. Be2 Nf5
11. Qa4 Bd6 12. Bd2 O-O 13. Bd3 Kh8 14. O-O-O b5 15. Qg4 Ne7 16. Qh4 Bf5 17. f4 Qe6 18. Bxf5 Nxf5 19. Qh3 d4
0-1

[Event "Three Checks: XXXIV Monthly Variant (Three Checks)"]
[Site "SchemingMind.com"]
[Date "2010.01.15"]
[Round "-"]
[White "surkimus"]
[Black "Rick Groszkiewicz"]
[Result "1-0"]
[WhiteCountry "FIN"]
[BlackCountry "USA"]
[WhiteElo "1664"]
[WhiteRD "81"]
[BlackElo "1752"]
[BlackRD "103"]
[GameID "235065"]

1. Nc3 Nc6 2. e3 e6 3. Qf3 Qf6 4. a3 Qxf3 5. Nxf3 a6 6. d4 d5 7. Bd3 Nf6 8. O-O Bd6 9. g3 Bd7 10. e4 dxe4
11. Nxe4 Nxe4 12. Bxe4 f6 13. c4 O-O-O 14. b4 f5 15. Bxc6 bxc6 16. Ne5 Rhf8 17. f4 Bxe5 18. fxe5 h6 19. a4 f4 20. gxf4 g5
21. Kh1 g4 22. b5 cxb5 23. axb5
1-0

[Event "Three Checks: XXXIV Monthly Variant (Three Checks)"]
[Site "SchemingMind.com"]
[Date "2010.01.15"]
[Round "-"]
[White "Fisher"]
[Black "Rick Groszkiewicz"]
[Result "0-1"]
[WhiteCountry "SVK"]
[BlackCountry "USA"]
[WhiteElo "1187"]
[WhiteRD "140"]
[BlackElo "1620"]
[BlackRD "173"]
[GameID "235066"]

1. Nc3 Nc6 2. Nd5 Nd4 3. Nf6+ Nxf6 4. e3 Nc6 5. Bb5 a6 6. Bc4 d5 7. Bb3 e6 8. Qf3 Bd7 9. Ne2 Ne5 10. Qg3 Ng6
11. Nd4 Bd6 12. Qf3 c5 13. Nf5 exf5 14. Bxd5 Nxd5 15. Qxd5 Qc7 16. g4 Bc6 17. Qxf5 Bxh1 18. b3 Nh4
0-1

[Event "Three Checks: XXXIV Monthly Variant (Three Checks)"]
[Site "SchemingMind.com"]
[Date "2010.01.19"]
[Round "-"]
[White "Carlos Mena"]
[Black "Ingemar Assarsjö"]
[Result "1-0"]
[WhiteCountry "ARG"]
[BlackCountry "SWE"]
[WhiteElo "1800"]
[WhiteRD "230"]
[BlackElo "1365"]
[BlackRD "123"]
[GameID "235078"]

1. e3 Nc6 2. Bc4 e6 3. Nf3 Bd6 4. Nc3 Nb4 5. Ne4 Nxc2+ 6. Qxc2 Bb4 7. O-O Ne7 8. a3 Ba5 9. b4 Bb6 10. Bb2 Nf5
11. Nf6+ gxf6 12. Qxf5 exf5 13. Bxf7+ Kf8 14. Ng5
1-0

[Event "Three Checks: XXXIV Monthly Variant (Three Checks)"]
[Site "SchemingMind.com"]
[Date "2010.01.19"]
[Round "-"]
[White "Carlos Mena"]
[Black "Ursus"]
[Result "1-0"]
[WhiteCountry "ARG"]
[BlackCountry "INT"]
[WhiteElo "1845"]
[WhiteRD "125"]
[BlackElo "1569"]
[BlackRD "104"]
[GameID "235079"]

1. e3 Nc6 2. Bc4 e6 3. Nf3 Nf6 4. Nc3 Bb4 5. a3 Be7 6. d4 O-O 7. b4 d5 8. Bd3 g6 9. O-O Bd6 10. g3 e5
11. dxe5 Bxe5 12. Bd2 Bh3 13. Re1 Ng4 14. Nxe5 Ncxe5 15. Bf1 Nxh2 16. Kxh2 Ng4+ 17. Kg1 Nxf2 18. Qf3 Bxf1 19. Qxf2 Bh3 20. Ne2 h5
21. Bc3 Qg5 22. Qf4 f6 23. Kh2 Rae8 24. Qxg5 fxg5 25. Nf4 h4 26. gxh4 g4 27. Kg3 Re7 28. Rad1 Rh7 29. Rxd5 Rxh4 30. Rd7 Rh7
31. Rxh7 Kxh7 32. Rd1 Rf7 33. Rd8 Kh6 34. Rh8+ Rh7 35. Bg7+ Kxg7 36. Rxh7+
1-0

[Event "Three Checks: XXXIV Monthly Variant (Three Checks)"]
[Site "SchemingMind.com"]
[Date "2010.01.19"]
[Round "-"]
[White "Carlos Mena"]
[Black "Mekk"]
[Result "1-0"]
[WhiteCountry "ARG"]
[BlackCountry "POL"]
[WhiteElo "1845"]
[WhiteRD "125"]
[BlackElo "1408"]
[BlackRD "113"]
[GameID "235080"]

1. e3 Nc6 2. Bc4 e6 3. Nf3 Nf6 4. Nc3 a6 5. a3 Bd6 6. d4 Ng4 7. Qe2 b5 8. Bd3 Bb7 9. Ne4 Be7 10. Bd2 b4
11. h3 Nh6 12. O-O Nf5 13. Nc5 Bxc5 14. dxc5 a5 15. Bxf5 exf5 16. Nd4 Qf6 17. axb4 axb4 18. Rxa8+ Bxa8 19. Qa6 O-O 20. Ra1 Nxd4
21. exd4 Bc6 22. d5 Qd4 23. dxc6 Qxd2 24. Qa8 Qc1+ 25. Rxc1 Rxa8 26. cxd7 h6 27. Rd1 Rd8 28. Re1 Kh7 29. c6 Kg6 30. Re8
1-0

[Event "Three Checks: XXXIV Monthly Variant (Three Checks)"]
[Site "SchemingMind.com"]
[Date "2010.01.19"]
[Round "-"]
[White "Carlos Mena"]
[Black "Rick Groszkiewicz"]
[Result "1-0"]
[WhiteCountry "ARG"]
[BlackCountry "USA"]
[WhiteElo "1788"]
[WhiteRD "109"]
[BlackElo "1813"]
[BlackRD "107"]
[GameID "235081"]

1. e3 e6 2. Nc3 Nf6 3. Nf3 Bb4 4. a3 Ba5 5. b4 Bb6 6. Na4 O-O 7. Bb2 h6 8. Bd3 d6 9. Bxf6 Qxf6 10. c3 Kh8
11. Nxb6 axb6 12. O-O Nc6 13. Be2 Bd7 14. Qc2 Ne5 15. Nxe5 Qxe5 16. f4 Qf6 17. Rf3 Qg6 18. Qxg6 fxg6 19. Rg3 Ra7 20. Bd1 Rfa8
21. a4 b5 22. a5 Be8 23. Bc2 Kg8 24. Rb1 c6 25. Bxg6 b6 26. Bxe8 Rxe8 27. axb6 Ra6 28. Rg6 Kh7 29. f5 exf5 30. Rxd6 Rxb6
31. Ra1 f4 32. Ra7
1-0

[Event "Three Checks: XXXIV Monthly Variant (Three Checks)"]
[Site "SchemingMind.com"]
[Date "2010.01.19"]
[Round "-"]
[White "Carlos Mena"]
[Black "thefriediceman"]
[Result "1-0"]
[WhiteCountry "ARG"]
[BlackCountry "USA"]
[WhiteElo "1845"]
[WhiteRD "125"]
[BlackElo "1809"]
[BlackRD "100"]
[GameID "235082"]

1. e3 e6 2. Nc3 Bb4 3. a3 Bxc3 4. dxc3 Nc6 5. Qg4 Qf6 6. Nf3 Nh6 7. Qg5 Qxg5 8. Nxg5 Ne5 9. f4 Neg4 10. h3 Nf6
11. e4 b6 12. e5 Nh5 13. Kf2 g6 14. g4 Ng7 15. Bg2 c6 16. Be3 O-O 17. Ne4 Kh8 18. Nf6 Ne8 19. f5 Nxg4+ 20. hxg4 Nxf6
21. exf6 Kg8 22. Bh6 Re8 23. fxg6 fxg6 24. f7+ Kxf7 25. Kg3 Kg8 26. Bg7 h5 27. gxh5 Ba6 28. hxg6 Rf8 29. Rh8+ Kxg7 30. Rh7+
1-0

[Event "Three Checks: XXXIV Monthly Variant (Three Checks)"]
[Site "SchemingMind.com"]
[Date "2010.01.19"]
[Round "-"]
[White "Carlos Mena"]
[Black "BigB"]
[Result "0-1"]
[WhiteCountry "ARG"]
[BlackCountry "SVK"]
[WhiteElo "1628"]
[WhiteRD "168"]
[BlackElo "1735"]
[BlackRD "124"]
[GameID "235084"]

1. e3 e6 2. Nc3 c5 3. b3 Nf6 4. Bb2 Nc6 5. Qf3 d5 6. a3 a6 7. g3 Bd6 8. Bg2 O-O 9. Qe2 Ne5 10. Nh3 b5
11. O-O Bb7 12. d4 cxd4 13. exd4 Neg4 14. Ng5 Re8 15. Rfe1 h5 16. Nxf7 Kxf7 17. Qxe6+ Rxe6 18. Rxe6 Ne4 19. Nxe4 dxe4 20. Re1 Nf6
21. Rxf6+ gxf6 22. Bxe4 Bxe4 23. Rxe4 Be5 24. dxe5 Qd1+ 25. Kg2 Kf8 26. e6 Ke8 27. Rd4 Qxd4 28. Bxd4 f5 29. h4 Rd8 30. Be5 Rd2
31. c3 Rb2 32. c4 Re2 33. Bd6 bxc4 34. bxc4 Rxe6 35. c5 Kf7 36. Bf4 Rc6 37. Bd6 Ke6 38. Kf3 Rc8 39. Kf4 Kd5 40. Kxf5 Re8
41. f3 Re3 42. Kg5 Rxf3 43. Bf4 Rxa3 44. Kxh5 Rc3 45. Bd6 a5 46. g4 a4 47. g5 a3 48. g6 Rf3 49. Kg4 Rf1 50. Bg3 Rf8
51. h5 a2 52. g7 Rg8
0-1

[Event "Three Checks: XXXIV Monthly Variant (Three Checks)"]
[Site "SchemingMind.com"]
[Date "2010.01.22"]
[Round "-"]
[White "Carlos Mena"]
[Black "surkimus"]
[Result "1-0"]
[WhiteCountry "ARG"]
[BlackCountry "FIN"]
[WhiteElo "1845"]
[WhiteRD "125"]
[BlackElo "1666"]
[BlackRD "74"]
[GameID "235085"]

1. e3 c6 2. b3 e5 3. a4 d5 4. Qh5 Qf6 5. Nc3 g6 6. Qf3 Bd7 7. Bb2 Bb4 8. Ba3 Bxa3 9. Rxa3 a5 10. Qxf6 Nxf6
11. Nf3 e4 12. Nd4 Na6 13. Bxa6 bxa6 14. O-O h5 15. f3 h4 16. fxe4 Nxe4 17. Nxe4 dxe4 18. Raa1 c5 19. Ne2 g5 20. Rf6 Bg4
21. Nc3
1-0

[Event "Three Checks: XXXIV Monthly Variant (Three Checks)"]
[Site "SchemingMind.com"]
[Date "2010.01.19"]
[Round "-"]
[White "Carlos Mena"]
[Black "Fisher"]
[Result "1-0"]
[WhiteCountry "ARG"]
[BlackCountry "SVK"]
[WhiteElo "1845"]
[WhiteRD "125"]
[BlackElo "1215"]
[BlackRD "129"]
[GameID "235086"]

1. e3 Nc6 2. Nc3 Ne5 3. d4 Nf3+ 4. Qxf3 e6 5. Bd3 Bb4 6. Bd2 Nf6 7. Nge2 c6 8. O-O Qc7 9. g3 h5 10. e4 h4
11. Bf4 Bd6 12. e5 hxg3 13. fxg3 Bxe5 14. Bxe5 Qd8 15. Bxf6 gxf6 16. Qxf6 Qxf6 17. Rxf6 Rf8 18. Bg6 Kd8 19. d5 exd5 20. Nd4 Re8
21. Rxf7 Re1+ 22. Rxe1 Kc7 23. Ndb5+ cxb5 24. Nxb5+ Kb8 25. Rf8
1-0

[Event "Three Checks: XXXIV Monthly Variant (Three Checks)"]
[Site "SchemingMind.com"]
[Date "2010.01.19"]
[Round "-"]
[White "Ingemar Assarsjö"]
[Black "Carlos Mena"]
[Result "0-1"]
[WhiteCountry "SWE"]
[BlackCountry "ARG"]
[WhiteElo "1350"]
[WhiteRD "113"]
[BlackElo "1628"]
[BlackRD "168"]
[GameID "235087"]

1. Nc3 e6 2. Nb5 Bc5 3. Nxc7+ Qxc7 4. e3 Nf6 5. Bb5 Nc6 6. Nf3 a6 7. Bxc6 bxc6 8. O-O O-O 9. d4 Bd6 10. g3 c5
11. c3 cxd4 12. cxd4 Bb7 13. Ng5 Qc6 14. f3 h6 15. Nh3 Rac8 16. Bd2 Ne4 17. Rc1 Qd5 18. Rxc8 Rxc8 19. Nf4 Bxf4 20. gxf4 Qh5
21. fxe4 Qg6+ 22. Kf2 Qg2+
0-1

[Event "Three Checks: XXXIV Monthly Variant (Three Checks)"]
[Site "SchemingMind.com"]
[Date "2010.01.19"]
[Round "-"]
[White "Mekk"]
[Black "Carlos Mena"]
[Result "0-1"]
[WhiteCountry "POL"]
[BlackCountry "ARG"]
[WhiteElo "1353"]
[WhiteRD "130"]
[BlackElo "1628"]
[BlackRD "168"]
[GameID "235089"]

1. e3 e6 2. Nc3 Nc6 3. Bb5 a6 4. Bxc6 dxc6 5. Ne4 Qd5 6. Nf6+ Nxf6 7. Nf3 Bd6 8. h3 Bd7 9. Qe2 O-O 10. b3 c5
11. Bb2 Be7 12. Be5 b5 13. Bxc7 Bd6 14. Bxd6 Qxd6 15. g4 Bc6 16. Rg1 Bxf3 17. Qxf3 Qxd2+ 18. Kxd2 Rad8+ 19. Ke2 Rd2+
0-1

[Event "Three Checks: XXXIV Monthly Variant (Three Checks)"]
[Site "SchemingMind.com"]
[Date "2010.01.19"]
[Round "-"]
[White "Rick Groszkiewicz"]
[Black "Carlos Mena"]
[Result "1-0"]
[WhiteCountry "USA"]
[BlackCountry "ARG"]
[WhiteElo "1813"]
[WhiteRD "107"]
[BlackElo "1788"]
[BlackRD "109"]
[GameID "235090"]

1. e4 e6 2. Nc3 Nc6 3. Nf3 a6 4. d4 b5 5. Bd3 Nb4 6. Be2 Bb7 7. a3 Nc6 8. O-O Qe7 9. d5 Nd8 10. Na2 e5
11. c4 Nf6 12. Nc3 g6 13. cxb5 Bg7 14. bxa6 Bxa6 15. b4 Bc8 16. Nb5 O-O 17. Nxc7 d6 18. Nxa8 Qb7 19. Nb6 Qxb6 20. Be3 Qc7
21. Qd3 Nh5 22. Rfc1 Qb7 23. Ra2 f5 24. b5 fxe4 25. Qxe4 Bf5 26. Qb4 Qe7 27. b6 e4 28. Rc7 Bd7 29. Bb5 exf3 30. Rxd7 Qe5
31. g3 Qf5 32. g4 Qf6 33. gxh5 gxh5 34. Qxd6 Qg6+ 35. Qxg6 hxg6 36. Rxg7+ Kxg7 37. Bd4+ Kg8 38. Bc4
1-0

[Event "Three Checks: XXXIV Monthly Variant (Three Checks)"]
[Site "SchemingMind.com"]
[Date "2010.01.19"]
[Round "-"]
[White "thefriediceman"]
[Black "Carlos Mena"]
[Result "0-1"]
[WhiteCountry "USA"]
[BlackCountry "ARG"]
[WhiteElo "1780"]
[WhiteRD "106"]
[BlackElo "1890"]
[BlackRD "93"]
[GameID "235091"]

1. e3 e6 2. Nc3 Nc6 3. Bb5 a6 4. Bxc6 bxc6 5. Ne4 d5 6. Ng3 Nf6 7. Nh5 Nxh5 8. Qxh5 Qf6 9. Nf3 g6 10. Qe5 Qxe5
11. Nxe5 Bd7 12. b3 f6 13. Ng4 Kf7 14. Bb2 Bg7 15. Rb1 h5 16. Ne5+ fxe5 17. O-O Kg8 18. f4 e4 19. Be5 Kh7 20. Bxc7 Rhf8
21. Bd6 Rf7 22. Rf2 Bf8 23. Be5 Be7 24. g3 Raf8 25. Rg2 Bf6 26. Bd6 Be7 27. Bxe7 Rxe7 28. g4 h4 29. g5 e5 30. Rf2 Ref7
31. c4 d4 32. b4 exf4 33. exf4 Rxf4 34. Rbf1 Rxf2 35. Rxf2 Rxf2 36. Kxf2 Be6 37. Ke1 Bxc4 38. a3 Bb5 39. Kf2 Kg7 40. Ke1 Kf7
41. Kf2 Ke6 42. Kg1 Kf5 43. Kf2 e3+ 44. dxe3 dxe3+ 45. Kxe3 Ke5 46. Kf2 Kf4 47. Kg1 Kf3 48. Kh1 Kf2 49. h3 Kg3 50. Kg1 Bc4
51. a4 Bd3
0-1

[Event "Three Checks: XXXIV Monthly Variant (Three Checks)"]
[Site "SchemingMind.com"]
[Date "2010.01.19"]
[Round "-"]
[White "TheTrainer"]
[Black "Carlos Mena"]
[Result "0-1"]
[WhiteCountry "USA"]
[BlackCountry "ARG"]
[WhiteElo "1193"]
[WhiteRD "87"]
[BlackElo "1628"]
[BlackRD "168"]
[GameID "235092"]

1. e4 e6 2. Qf3 Qf6 3. Bc4 Qxf3 4. Nxf3 Bc5 5. Kd1 Nf6 6. d4 Bb6 7. Bf4 Nxe4 8. Ke2 Nc6 9. Ke1 Nxd4 10. Be5 Nxf3+
11. gxf3 Bxf2+ 12. Kf1 Ng3+
0-1

[Event "Three Checks: XXXIV Monthly Variant (Three Checks)"]
[Site "SchemingMind.com"]
[Date "2010.01.19"]
[Round "-"]
[White "BigB"]
[Black "Carlos Mena"]
[Result "1-0"]
[WhiteCountry "SVK"]
[BlackCountry "ARG"]
[WhiteElo "1735"]
[WhiteRD "124"]
[BlackElo "1628"]
[BlackRD "168"]
[GameID "235093"]

1. Nc3 e6 2. e4 Nc6 3. Nf3 a6 4. Be2 d6 5. d4 Bd7 6. O-O Qe7 7. Bg5 f6 8. Bh4 O-O-O 9. b4 Na7 10. b5 axb5
11. a4 b4 12. Nb5 Kb8 13. d5 exd5 14. exd5 Qe4 15. Nxa7 Kxa7 16. Qd4+ Qxd4 17. Nxd4 Kb8 18. Rfb1 Kc8 19. Nc6 bxc6 20. Ba6+
1-0

[Event "Three Checks: XXXIV Monthly Variant (Three Checks)"]
[Site "SchemingMind.com"]
[Date "2010.01.22"]
[Round "-"]
[White "surkimus"]
[Black "Carlos Mena"]
[Result "0-1"]
[WhiteCountry "FIN"]
[BlackCountry "ARG"]
[WhiteElo "1666"]
[WhiteRD "74"]
[BlackElo "1845"]
[BlackRD "125"]
[GameID "235094"]

1. Nc3 e6 2. e4 Nc6 3. d4 Qf6 4. Be3 Bb4 5. Qd2 Qg6 6. f3 Qh5 7. O-O-O Qa5 8. Kb1 Bxc3 9. Qxc3 Qxc3 10. bxc3 d5
11. exd5 exd5 12. Bf4 Nge7 13. Bb5 O-O 14. Bxc7 a6 15. Bd3 Be6 16. Nh3 g6 17. Nf4 Rac8 18. Bd6 Rfd8 19. Bxe7 Nxe7 20. Rhe1 Rd6
21. Ka1 Rxc3 22. Re5 Rb6 23. Nh5 Kh8 24. Nf4 Rb4 25. Nxe6 fxe6 26. Rxe6 Ra3
0-1

[Event "Three Checks: XXXIV Monthly Variant (Three Checks)"]
[Site "SchemingMind.com"]
[Date "2010.01.19"]
[Round "-"]
[White "Fisher"]
[Black "Carlos Mena"]
[Result "0-1"]
[WhiteCountry "SVK"]
[BlackCountry "ARG"]
[WhiteElo "1187"]
[WhiteRD "140"]
[BlackElo "1628"]
[BlackRD "168"]
[GameID "235095"]

1. Nc3 e6 2. Ne4 Nc6 3. e3 d5 4. Nf6+ Qxf6 5. Bb5 Bd7 6. Nf3 a6 7. Bd3 e5 8. c3 e4 9. Nd4 exd3 10. Nxc6 bxc6
11. b4 Bd6 12. a4 Qg5 13. Qf3 Bg4 14. h4 Qh5 15. Qxf7+ Qxf7 16. f4 Bxf4 17. exf4 Qe7+ 18. Kf1 Qe2+
0-1